| 000 | 00858pam a2200253 a 4500 | ||
|---|---|---|---|
| 999 |
_c23573 _d23573 |
||
| 001 | 498444 | ||
| 003 | OSt | ||
| 005 | 20170126122608.0 | ||
| 008 | 850819s1985 nju 000 0 eng | ||
| 010 | _a 85021388 | ||
| 020 |
_a0915590778 (pbk.) : _c$8.95 |
||
| 040 |
_aDLC _cDLC _dDLC |
||
| 050 | 0 | 0 |
_aNK3625.A7 _bC67 1985 |
| 082 | 0 | 0 |
_a745.6/197/09042 _219 |
| 100 | 1 | _aCopley, Frederick S. | |
| 245 | 1 | 0 |
_aArt Deco alphabets : _ba treasury of original alphabets from the 1920s & 30s / _ccompiled by Frederick S. Copley. |
| 250 | _a1st ed. | ||
| 260 |
_aPittstown, N.J. : _bMain Street Press, _c1985. |
||
| 300 |
_a[128] p. ; _c28 cm. |
||
| 650 | 0 | _aAlphabets. | |
| 650 | 0 | _aArt deco. | |
| 906 |
_a7 _bcbc _corignew _d1 _eocip _f19 _gy-gencatlg |
||
| 942 |
_2lcc _cBOOKS _hNK 3625 .A7C67 1985 |
||